00612nam a2200169 a 4500008004100000020001500041050001800056100001600074245003900090250001200129260003000141300001600171350000900187995009500196999001700291952013400308120416s1993 ||||||||||||||||| || u a024080192X aTK 7881.9 Vas aVasey, John10aConcert sound and lighting systems a2nd ed. aBostonbFocal Pressc1993 a183p. : ill a0.00 D0.00FCBU-MAIN LIBRARY (Kitwe)H1I1200.00UAVAILABLEZMain Library Open Access Collection c38349d38349 00102lcc4070a001b001cMain Library Open Access Collectiond2022-11-30l0oTK 7881.9 Vasp028931r2022-11-30w2022-11-30y002